Quizzes
Events
Quiz Creation
Community
Videos
Private Events
Remove Ads
Sign In
Join for FREE
Feedback
Dark Mode
Quiz Categories
Sports
Geography
Music
Movies
Television
Just For Fun
Miscellaneous
History
Literature
Language
Science
Gaming
Entertainment
Religion
Holiday
For Kids
Quiz Lab
Recent
Popular Today
Quiz Kudos Today
Editor Picks
Curator Picks
Quizzes by...
Day
Popularity
Type
Ratings
Length
Year
Community
Subscriptions
Recent Discussions
Orange Saloon
Badges
Playlists
Quests
Create
Leaderboards
Showdown
Live 5
Trivia Bingo
Activity
Puzzle Library
Sporcle Events
Private Events
Virtual Trivia
Globe League
Become a Host
Pub Owners
SporcleCon
Opinionation
Our Games
Videos
Blog
Mobile Apps
Partnerships
Remove Ads and Go Orange
Feedback
Sports
Athletes
MLB
NBA
NHL
NFL
Soccer
Sports Teams
WWE
NCAA
Football
Premier League
Basketball
Baseball
Hockey
Golf
Tennis
Cricket
Rugby
Auto Racing
Olympics
World Cup
Sports
Athletes
MLB
NBA
NHL
NFL
Soccer
Sports Teams
WWE
NCAA
Football
Premier League
Basketball
Baseball
Hockey
Golf
Tennis
Cricket
Rugby
Auto Racing
Olympics
World Cup
Random Quiz
Search Sporcle
×
Quiz Lab
Quiz Lab
Sports
1986
Type in answers that appear in a list
Type in answers that appear in a list
Classic
Best Score? Go Orange.
1986 Toronto Blue Jays Stats
Can you name the 1986 Toronto Blue Jays?
By
lineupquizzes
8m
37 Questions
109 Plays
109 Plays
109 Plays
Comments
Comments
Give Quiz Kudos
Give Quiz Kudos
-
- Ratings
hide this ad
More Info
Replay
Link that replays current quiz
Next Quiz
Link to next quiz in quiz playlist
You Got
0%
They Got
Avg Score
65%
Avg Friend Score
Upgrade to see
Score Distribution
Jump to the score distribution portion of the page
Score
0/37
Timer
08:00
0
Plays Today
Number
Player
% Correct
29
Jesse Barfield
97.2%
1
Tony Fernandez
97.2%
11
George Bell
94.5%
15
Lloyd Moseby
94.5%
37
Dave Stieb
94.5%
17
Kelly Gruber
93.6%
50
Tom Henke
93.6%
12
Ernie Whitt
90.8%
22
Jimmy Key
88.1%
00
Cliff Johnson
87.2%
33
Joe Johnson
87.2%
7
Damaso Garcia
86.2%
16
Garth Iorg
83.5%
3
Jimy Williams
82.6%
5
Rance Mulliniks
82.6%
18
Jim Clancy
81.7%
26
Willie Upshaw
80.7%
13
Buck Martinez
78%
31
Duane Ward
76.1%
Number
Player
% Correct
4
Manuel Lee
74.3%
23
Cecil Fielder
71.6%
19
Fred McGriff
71.6%
33
Doyle Alexander
67%
38
Mark Eichhorn
63.3%
55
John Cerutti
56%
31
Jim Acker
53.2%
9
Rick Leach
46.8%
25
Steve Davis
45.9%
53
Dennis Lamp
45.9%
36
Bill Caudill
40.4%
35
Jeff Musselman
35.8%
21
Ron Shepherd
22%
34
Stan Clarke
18.3%
54
Jeff Hearron
18.3%
32
Luis Aquino
9.2%
40
Mickey Mahler
6.4%
39
Don Gordon
4.6%
Quiz Playlist
Details
Report
Send in Message
Add To Playlist
More Info:
* indicates Hall of Famer; ^ indicates All-Star in 1986
Classic:
Type in answers that appear in a list
Last Updated: Feb 16, 2017
Quiz Scoreboard
CHALLENGE
Sign Up to Join the Scoreboard
Show All
Scores
Hide
Comments
May contain spoilers
Recently Published
Popular People in 1961
by mucciniale
History
6m
1-10 Letter E Words III
by El_Dandy
Language
2m
One Thing in Common: World Cities II
by knightlancer
Geography
7m
More to Explore
Quiz From the Vault
Featured Blog Post
Where Did the Easter Bunny Come From?
hide this ad
You Might Also Like...
Tags
1986
blue
Jay
Player
toronto
Today's Top Quizzes in Sports
Browse Sports
hide this ad
Today's Top Quizzes in 1986
Browse 1986
Top Contributed Quizzes in Sports
1
Les meilleurs buteurs des matchs entre le PSG et l’OM
2
Les entraîneurs de l'OM et du PSG au 21e siècle
3
FIFA Club World Cup Champions
4
2022 World Cup Stars
5
Name the Premier League winners with different clubs
6
La finale Lions - Afrique du Sud 2021
7
Criteria MLB: Left Handed Sluggers
8
Players with Multiple 50 Home Run Seasons
9
MLB Players with Two .350 Batting Average Seasons
10
MLB Hall of Famer by Rings
Explore More
Trending Topics
NBA
Harry Potter
Kpop
Disney
Marvel
Anime
Crossword
Soccer
NFL
WWE
Song
The Office
Pokémon
Puzzle
Country
hide this ad
More By:
lineupquizzes
Quiz
Plays
Rating
Category
Featured
Created
Opening Day Lineups: Red Sox
161,242
4.46
Sports
Apr 23, 2010
Opening Day Lineups: Braves
146,437
4.52
Sports
Dec 17, 2009
Opening Day Lineups: Mets
121,869
4.53
Sports
Feb 3, 2010
Opening Day Lineups: Dodgers
93,301
4.34
Sports
Dec 17, 2009
Opening Day Lineups: Twins
81,930
4.51
Sports
May 4, 2010
Go to Creator's Profile
Score Distribution
Quiz Creator Spotlight
lineupquizzes
Follow
Send a Message
Quizzes Created
-
Created Quiz Play Count
-
More By This Creator
Popular Quizzes Today
1
Find the US States - No Outlines Minefield
2
Find the Countries of Europe - No Outlines Minefield
3
The Countries of the World
4
Popular People in 1961
5
1-10 Letter E Words III
6
Find the US States
7
One Thing in Common: World Cities II
8
US States
More Sports Quizzes
Paint by Letter: Phillies
Curator's Pick
Trending Quizzes
Risky Map Clicking: Least Populous States A-Z
1-10 Letter F Words
1-10 Letter G Words
One Thing in Common: United Kingdom
Risky Map Clicking: Biggest States A-Z
Recently Updated
Leaping Animals
pecheneg
Reality TV Shows (A-Z)
bhenderson79
Rickey Henderson's Hall of Fame Teammates
pecheneg
Champions League XIs: Arsenal
pecheneg
Quick Pick: Celebrities in WWE's Hall of Fame
aduchscher
A-Z Keypad Blitz II
pecheneg
Multiple Oscar Actors
pecheneg
Mystery Phrase Blitz: Oscar 'Best Actors'
pecheneg
F. Scott Fitzgerald Novels
LTH
Pick 3 Villains
ddd62291
Trending Topics
Marvel
NBA
Harry Potter
Kpop
Disney
Anime
Crossword
Song
The Office
WWE
Pokémon
Puzzle
Soccer
Country
NFL
Your Account Isn't Verified!
In order to create a playlist on Sporcle, you need to verify the email address you used during registration. Go to your
Sporcle Settings
to finish the process.
Report this User
Report this user for behavior that violates our
Community Guidelines
.
Details:
Send Report
Go to the Sporcle.com Mobile Site →
Comments